000 00286nam a2200109Ia 4500
008 220204s9999 xx 000 0 und d
082 _a633.15(06)
_bCIM
245 0 _aHigh quality protein maize
260 _aPennsylvaia
_bDowden Hutchinson
_c1975
650 _aMaize breeding
942 _cBK
999 _c23745
_d23745